[Event "Open Usti n/L 2023"]
[Site "?"]
[Date "2023.09.01"]
[Round "3.7"]
[White "Kucera, Bohuslav"]
[Black "Zikranets, Bohdan"]
[Result "1-0"]
[WhiteElo "1703"]
[BlackElo "1000"]
[PlyCount "23"]
[EventDate "2023.??.??"]
[SourceVersionDate "2023.09.01"]

1. c4 e6 2. e4 b6 3. d4 d5 4. exd5 exd5 5. Nc3 dxc4 6. Bxc4 Bb7 7. Nf3 Bb4 8.
Qa4+ Nc6 9. d5 Bxc3+ 10. bxc3 Qf6 11. O-O O-O-O 12. Bg5 1-0

[Event "Open Usti n/L 2023"]
[Site "?"]
[Date "2023.09.01"]
[Round "3.8"]
[White "Litos, Ondrej"]
[Black "Urbansky, Stepan"]
[Result "0-1"]
[WhiteElo "1000"]
[BlackElo "1631"]
[PlyCount "52"]
[EventDate "2023.??.??"]
[SourceVersionDate "2023.09.01"]

1. d4 Nf6 2. c4 g6 3. Nc3 Bg7 4. e4 d6 5. Nf3 O-O 6. Be3 e5 7. d5 Nbd7 8. a4 b6
9. Bd3 Ne8 10. O-O f5 11. exf5 gxf5 12. Qd2 f4 13. Bxf4 Rxf4 14. Ne2 Rf8 15.
Qc2 Nef6 16. Ng3 Nc5 17. Nh5 Nxh5 18. Bxh7+ Kh8 19. Qg6 Nf4 20. Qb1 Qe8 21. g3
Qh5 22. Be4 Nxe4 23. Qxe4 Nh3+ 24. Kh1 Rxf3 25. Qe1 Rf8 26. Ra2 Qf3# 0-1

[Event "Open Usti n/L 2023"]
[Site "?"]
[Date "2023.09.01"]
[Round "3.9"]
[White "Jakoubek, Stepan"]
[Black "Krsek, Tomas"]
[Result "1/2-1/2"]
[WhiteElo "1246"]
[BlackElo "1000"]
[PlyCount "68"]
[EventDate "2023.??.??"]
[SourceVersionDate "2023.09.01"]

1. e4 e5 2. Nf3 Nc6 3. Bc4 Nf6 4. d3 Bc5 5. Nc3 d6 6. Bg5 h6 7. Bh4 Be6 8. Bxe6
fxe6 9. Qd2 d5 10. exd5 exd5 11. Bxf6 gxf6 12. O-O-O Bb4 13. a3 Ba5 14. Qe2
Bxc3 15. bxc3 Qd6 16. Kd2 Qxa3 17. Ra1 Qe7 18. Rhb1 O-O-O 19. d4 a6 20. Rxb7
exd4 21. Qxa6 dxc3+ 22. Kxc3 Qc5+ 23. Kb2 Kd7 24. Rb5 Rb8 25. c4 dxc4 26. Rd1+
Ke7 27. Re1+ Kf7 28. Rxb8 Rxb8+ 29. Kc1 Qb6 30. Qxc4+ Kf8 31. Re6 Qb1+ 32. Kd2
Rd8+ 33. Ke3 Qb6+ 34. Kf4 Rd6 1/2-1/2

[Event "Open Usti n/L 2023"]
[Site "?"]
[Date "2023.09.01"]
[Round "3.10"]
[White "Veltrusky, Petr"]
[Black "Poliakov, Ivan"]
[Result "1-0"]
[WhiteElo "1791"]
[BlackElo "1309"]
[Annotator "Simon"]
[PlyCount "79"]
[EventDate "2023.??.??"]
[SourceVersionDate "2023.09.01"]

1. e4 c5 2. Nf3 d6 3. c4 Nc6 4. d4 cxd4 5. Nxd4 Nf6 6. Nc3 g6 7. Nc2 Bg7 8. Be2
Bd7 9. O-O O-O 10. Be3 Ne5 11. f3 Qc7 12. Nd5 Nxd5 13. cxd5 Ba4 14. b3 Bd7 15.
Qd2 f5 16. Rac1 fxe4 17. fxe4 Rxf1+ 18. Rxf1 a6 19. h3 Rc8 20. Rc1 Bf6 21. Qb4
Qb8 22. Qb6 Qc7 23. Qb4 Qb8 24. a4 Nf7 25. Nd4 Rxc1+ 26. Bxc1 Qa7 27. Be3 Qb8
28. Bxa6 Nd8 29. Be2 Qa7 30. Nc2 Qa8 31. a5 Qc8 32. Bc4 Bh4 33. Qc3 Nf7 34. Bd4
Ng5 35. e5 dxe5 36. Bxe5 Nf7 37. d6 Qc5+ 38. Kh2 e6 39. Bf4 Nxd6 40. Bxe6+ 1-0

[Event "Open Usti n/L 2023"]
[Site "?"]
[Date "2023.09.01"]
[Round "3.11"]
[White "Helinger, Jan"]
[Black "Herichova, Agata"]
[Result "1-0"]
[WhiteElo "1576"]
[BlackElo "1000"]
[PlyCount "67"]
[EventDate "2023.??.??"]
[SourceVersionDate "2023.09.01"]

1. d4 d5 2. c4 e6 3. Nc3 Nf6 4. Bg5 Be7 5. Nf3 O-O 6. e3 h6 7. Bh4 Nbd7 8. Rc1
b6 9. Bg3 Bb7 10. Nb5 Qc8 11. Nxc7 Rb8 12. Nb5 Ra8 13. cxd5 Qe8 14. d6 Bd8 15.
Bd3 Be4 16. O-O a6 17. Nc3 b5 18. Nxe4 Bb6 19. Nxf6+ Nxf6 20. Nd2 Nd7 21. Be4
Ra7 22. Nb3 f6 23. Bc6 Qf7 24. Nc5 Rd8 25. Qf3 Kh8 26. Bxd7 Raxd7 27. Nxd7 Qxd7
28. Qc6 Qxc6 29. Rxc6 Rb8 30. Rfc1 Kh7 31. d7 a5 32. Rxb6 Rd8 33. Rd6 b4 34.
Rc8 1-0

[Event "Open Usti n/L 2023"]
[Site "?"]
[Date "2023.09.01"]
[Round "4.1"]
[White "Jirasko, Miroslav"]
[Black "Veverka, Vladimir"]
[Result "1-0"]
[WhiteElo "2082"]
[BlackElo "1851"]
[PlyCount "71"]
[EventDate "2023.??.??"]
[SourceVersionDate "2023.09.01"]

1. c4 e6 2. Nc3 Nf6 3. Nf3 d5 4. e3 Be7 5. b3 b6 6. Bb2 Bb7 7. Be2 c5 8. cxd5
exd5 9. d4 Nbd7 10. O-O O-O 11. Rc1 Rc8 12. Re1 Re8 13. Bf1 Bf8 14. g3 Ne4 15.
dxc5 Nxc3 16. Bxc3 bxc5 17. Bg2 Be7 18. Ne5 Nxe5 19. Bxe5 Bf6 20. Bxf6 Qxf6 21.
Bxd5 Red8 22. e4 Bxd5 23. exd5 Qd6 24. Qf3 Rd7 25. Red1 Qe5 26. Rc2 h6 27. Rcd2
Rcd8 28. Qd3 Qd6 29. Qc4 Rc7 30. Rc2 Rdc8 31. Rdc1 Rd8 32. Rd1 Rdc8 33. Qf4
Qxf4 34. gxf4 Rd7 35. Rc4 Kf8 36. b4 1-0

[Event "Open Usti n/L 2023"]
[Site "?"]
[Date "2023.09.01"]
[Round "4.2"]
[White "Hrbek, Jachym"]
[Black "MIkulka, Martin Michael"]
[Result "1-0"]
[WhiteElo "1705"]
[BlackElo "1725"]
[PlyCount "51"]
[EventDate "2023.??.??"]
[SourceVersionDate "2023.09.01"]

1. e4 e6 2. d4 d5 3. exd5 exd5 4. Nf3 Bd6 5. Bd3 Bg4 6. h3 Bh5 7. Qe2+ Qe7 8.
Be3 Nf6 9. Nc3 c6 10. O-O-O Nbd7 11. g4 Bg6 12. Nh4 O-O-O 13. f4 Ne4 14. Nxg6
hxg6 15. Bxe4 dxe4 16. d5 c5 17. Qc4 f5 18. Nb5 Kb8 19. gxf5 gxf5 20. Rdg1 Nb6
21. Qb3 Rdg8 22. Rg6 c4 23. Qc3 Bc5 24. Bxc5 Qxc5 25. Qe5+ Kc8 26. Rc6+ 1-0

[Event "Open Usti n/L 2023"]
[Site "?"]
[Date "2023.09.01"]
[Round "4.3"]
[White "Bazantova, Marie"]
[Black "Buchcar, Tomas"]
[Result "0-1"]
[WhiteElo "1779"]
[BlackElo "2197"]
[PlyCount "110"]
[EventDate "2023.??.??"]
[SourceVersionDate "2023.09.01"]

1. e4 c6 2. c4 d5 3. exd5 cxd5 4. cxd5 Nf6 5. Nc3 g6 6. Nf3 a6 7. Qa4+ Nbd7 8.
d4 Bg7 9. Be2 O-O 10. O-O Nb6 11. Qb3 Nfxd5 12. Nxd5 Nxd5 13. Ne5 e6 14. Bf3 f6
15. Nd3 Qd6 16. Bd2 Rf7 17. Rac1 Bd7 18. Bxd5 Qxd5 19. Qxd5 exd5 20. Rfe1 Bf8
21. Bb4 Bh6 22. Rc7 Bc6 23. Rxf7 Kxf7 24. Bc5 Re8 25. Rxe8 Bxe8 26. Kf1 Bb5 27.
Ke2 Ke6 28. b3 Bf4 29. h3 Bc7 30. a4 Be8 31. Bb4 Bc6 32. Nc5+ Kf7 33. Bd2 a5
34. Nd3 b6 35. Be3 g5 36. f4 h6 37. g4 Bd7 38. f5 h5 39. Nf2 Bc8 40. Nd1 Ba6+
41. Kf2 h4 42. Nc3 Bg3+ 43. Kg2 Ke8 44. Bf2 Bb8 45. Be3 Kd7 46. Kf2 Bg3+ 47.
Kg2 Kc6 48. Bd2 Bd3 49. Na2 Bb1 50. Nc1 Be4+ 51. Kg1 Bd6 52. Na2 Bb1 53. Nc1
Ba3 54. b4 axb4 55. Kf2 Bb2 0-1

[Event "Open Usti n/L 2023"]
[Site "?"]
[Date "2023.09.01"]
[Round "4.4"]
[White "Pospichal, Michael"]
[Black "Hadraba, Vladimir"]
[Result "1-0"]
[WhiteElo "1896"]
[BlackElo "2012"]
[PlyCount "97"]
[EventDate "2023.??.??"]
[SourceVersionDate "2023.09.01"]

1. e4 c5 2. Nf3 e6 3. g3 Nc6 4. Bg2 Nf6 5. Qe2 d6 6. c3 e5 7. O-O g6 8. d4 Bg7
9. dxc5 dxc5 10. Rd1 Qe7 11. Bg5 h6 12. Bxf6 Bxf6 13. Na3 Be6 14. Nc4 Bxc4 15.
Qxc4 O-O 16. Rd5 b6 17. Qb5 Qe6 18. Bh3 Qxh3 19. Qxc6 Bg7 20. Rd7 Rae8 21. Rad1
Re6 22. Qb7 Rf6 23. Nh4 a5 24. R1d6 Qg4 25. f3 Qg5 26. Kf2 Qc1 27. Qxb6 Qc2+
28. Kg1 Qb1+ 29. Kg2 Rxd6 30. Rxd6 Qxa2 31. Qb7 a4 32. Ra6 Rd8 33. Kh3 Qc4 34.
Ra7 Qf1+ 35. Kg4 Qc4 36. Qe7 h5+ 37. Kg5 Kh7 38. Qxf7 Qxf7 39. Rxf7 Rd2 40.
Nxg6 Rxb2 41. Ra7 Rxh2 42. Nf8+ Kg8 43. Ne6 Bf8 44. Ra8 Kf7 45. Nxf8 Rg2 46. g4
hxg4 47. fxg4 Rc2 48. Ng6 Rxc3 49. Rxa4 1-0

[Event "Open Usti n/L 2023"]
[Site "?"]
[Date "2023.09.01"]
[Round "4.5"]
[White "Lieber, Lukas"]
[Black "Kucera, Bohuslav"]
[Result "1-0"]
[WhiteElo "1987"]
[BlackElo "1703"]
[PlyCount "75"]
[EventDate "2023.??.??"]
[SourceVersionDate "2023.09.01"]

1. e4 c6 2. d4 d5 3. f3 e6 4. Nc3 c5 5. Nge2 Nc6 6. Be3 c4 7. a3 Nge7 8. h4 h5
9. g4 dxe4 10. Ng3 hxg4 11. fxe4 Ng6 12. h5 Bd6 13. e5 Ngxe5 14. dxe5 Nxe5 15.
Nge4 Nf3+ 16. Kf2 Be7 17. Qxd8+ Bxd8 18. Bxc4 O-O 19. h6 Bh4+ 20. Kg2 b5 21.
Bd3 Bb7 22. Bf2 Bg5 23. Rh5 Bxh6 24. Nf6+ Kh8 25. Be4 Bxe4 26. Ncxe4 Rac8 27.
c3 Rfd8 28. Be3 Rd5 29. Nxd5 exd5 30. Nd6 Rf8 31. Bxh6 gxh6 32. Rxh6+ Kg8 33.
Rah1 Ng5 34. Rh8+ Kg7 35. Nf5+ Kf6 36. Rxf8 Kxf5 37. Rh5 f6 38. Rxg5+ 1-0

[Event "Open Usti n/L 2023"]
[Site "?"]
[Date "2023.09.01"]
[Round "4.6"]
[White "Urbansky, Stepan"]
[Black "Peroutka, Simon"]
[Result "1/2-1/2"]
[WhiteElo "1631"]
[BlackElo "1725"]
[PlyCount "126"]
[EventDate "2023.??.??"]
[SourceVersionDate "2023.09.01"]

1. e4 c5 2. Nf3 Nc6 3. d4 cxd4 4. Nxd4 Nf6 5. Nc3 e5 6. Ndb5 d6 7. Bg5 a6 8.
Na3 b5 9. Nd5 Be7 10. Bxf6 Bxf6 11. c3 O-O 12. Nc2 Bb7 13. a4 bxa4 14. Rxa4 Bg5
15. Bd3 Ne7 16. Bc4 Kh8 17. O-O f5 18. f3 Nxd5 19. exd5 Qb6+ 20. Kh1 Qxb2 21.
Qd3 a5 22. Na3 Bc8 23. Nb5 Qd2 24. Nxd6 Bd7 25. Ra2 Qe3 26. Rfa1 Qb6 27. Nb5
Rfc8 28. Rb1 Qc5 29. Na3 h6 30. Rb7 Ra7 31. Rxa7 Qxa7 32. Bb5 e4 33. fxe4 fxe4
34. Qxe4 Re8 35. Qb1 Qb7 36. c4 Bf4 37. Qf1 Bd6 38. Bxd7 Qxd7 39. Nb5 Bb4 40.
Ra1 Rf8 41. Qe2 Re8 42. Qf1 Rf8 43. Qe2 Re8 44. Qf3 Qe7 45. g3 Qc5 46. Qd3 Re3
47. Qd4 Qxd4 48. Nxd4 Rc3 49. Nc6 Rxc4 50. Nxa5 Bxa5 51. Rxa5 Rd4 52. Kg2 Kg8
53. Ra8+ Kf7 54. Ra7+ Kf6 55. Rd7 g5 56. Kf3 Ke5 57. Re7+ Kf5 58. g4+ Rxg4 59.
Rf7+ Kg6 60. Kxg4 h5+ 61. Kf3 Kxf7 62. Ke4 Kf6 63. d6 Ke6 1/2-1/2

[Event "Open Usti n/L 2023"]
[Site "?"]
[Date "2023.09.01"]
[Round "4.7"]
[White "Krsek, Tomas"]
[Black "Mrkvan, Frantisek"]
[Result "0-1"]
[WhiteElo "1000"]
[BlackElo "1815"]
[PlyCount "84"]
[EventDate "2023.??.??"]
[SourceVersionDate "2023.09.01"]

1. e4 c5 2. Nf3 Nc6 3. d4 cxd4 4. Nxd4 e5 5. Nf3 Nf6 6. Nc3 Bb4 7. Bd2 d6 8.
Bc4 O-O 9. h3 Bxc3 10. Bxc3 Nxe4 11. O-O Nxc3 12. bxc3 Be6 13. Bb3 Rc8 14. c4
Na5 15. Re1 Nxc4 16. Qc1 Na5 17. Rb1 Nxb3 18. axb3 f6 19. Qd2 d5 20. Rbd1 Qc7
21. Re2 Qc3 22. Qe1 Qxe1+ 23. Rdxe1 Bf5 24. Rc1 d4 25. g4 Bg6 26. Nh4 Bf7 27.
Nf5 Rc7 28. b4 g6 29. Nd6 Bd5 30. Rd2 a6 31. c4 Rd8 32. c5 Rxd6 33. Rb1 Rd8 34.
Rc2 Be4 35. Rcb2 Bxb1 36. Rxb1 d3 37. Rd1 d2 38. Kf1 Rcd7 39. Ke2 Rd4 40. f3
Rxb4 41. Ke3 a5 42. h4 a4 0-1

[Event "Open Usti n/L 2023"]
[Site "?"]
[Date "2023.09.01"]
[Round "4.8"]
[White "Veltrusky, Petr"]
[Black "Litos, Ondrej"]
[Result "1-0"]
[WhiteElo "1791"]
[BlackElo "1000"]
[PlyCount "57"]
[EventDate "2023.??.??"]
[SourceVersionDate "2023.09.01"]

1. e4 e5 2. Nf3 Nc6 3. Bb5 d6 4. O-O Bd7 5. c3 f6 6. d4 Nce7 7. Bc4 Bg4 8. Qb3
Qc8 9. Bf7+ Kd8 10. Be3 Bxf3 11. Be6 Qb8 12. gxf3 Nc6 13. Bxg8 Na5 14. Qf7 Rxg8
15. Qxg8 Ke7 16. Na3 b5 17. b4 exd4 18. cxd4 Nc6 19. f4 Nxb4 20. e5 fxe5 21.
fxe5 Kd7 22. Qf7+ Be7 23. exd6 cxd6 24. Bg5 Qd8 25. Rfe1 Kc6 26. Rxe7 Nd5 27.
Rc1+ Kb6 28. Qxd5 Rc8 29. Qxb5# 1-0

[Event "Open Usti n/L 2023"]
[Site "?"]
[Date "2023.09.01"]
[Round "4.9"]
[White "Zikranets, Bohdan"]
[Black "Hellinger, Jan"]
[Result "1/2-1/2"]
[WhiteElo "1000"]
[BlackElo "1576"]
[PlyCount "117"]
[EventDate "2023.??.??"]
[SourceVersionDate "2023.09.01"]

1. d4 d5 2. c4 e6 3. Nc3 Nf6 4. e4 Bb4 5. Bd2 O-O 6. Nf3 b6 7. a3 Bxc3 8. Bxc3
Ba6 9. b3 Bb7 10. Bd3 Nxe4 11. Bb2 Nd7 12. Bxe4 dxe4 13. Nd2 f5 14. O-O Nf6 15.
f4 Ng4 16. Qe2 Qd7 17. h3 Nf6 18. Rac1 Ba6 19. Rfd1 Qf7 20. b4 Rad8 21. b5 Bb7
22. a4 a6 23. c5 Ra8 24. cxb6 cxb6 25. Nc4 Nd5 26. Nd6 Qd7 27. Nxb7 Qxb7 28.
Rc6 Rfe8 29. Rdc1 axb5 30. axb5 Rac8 31. Rxc8 Rxc8 32. Rxc8+ Qxc8 33. Qd2 Qc4
34. Qc1 Qxc1+ 35. Bxc1 Nc3 36. Ba3 Nxb5 37. Be7 Nc3 38. Kf2 h6 39. Ba3 h5 40.
Ke1 Nd5 41. Kd2 Kf7 42. Bc1 Ke8 43. Kc2 Kd7 44. Kb3 Kc6 45. Bd2 Ne7 46. h4 Ng8
47. Kb4 Nf6 48. Kb3 Ng4 49. Kb4 Nf2 50. Kb3 Nd3 51. Bc3 Nc1+ 52. Kb2 Nd3+ 53.
Kb3 Nf2 54. Be1 Ng4 55. Bd2 Nf6 56. Be1 Nd5 57. Bd2 Ne7 58. Bb4 Ng6 59. Be1
1/2-1/2

[Event "Open Usti n/L 2023"]
[Site "?"]
[Date "2023.09.01"]
[Round "4.10"]
[White "Kriz, Denis"]
[Black "Jakoubek, Stepan"]
[Result "1-0"]
[WhiteElo "1000"]
[BlackElo "1246"]
[PlyCount "71"]
[EventDate "2023.??.??"]
[SourceVersionDate "2023.09.01"]

1. d4 c6 2. c4 d5 3. cxd5 cxd5 4. Bf4 Nc6 5. Nc3 a6 6. e3 Bf5 7. Qb3 b5 8. Qxd5
Qxd5 9. Nxd5 Rc8 10. Nc7+ Kd8 11. Rc1 Rxc7 12. Bxc7+ Kxc7 13. d5 Nf6 14. dxc6
e5 15. a3 b4 16. Nf3 bxa3 17. bxa3 Bxa3 18. Rc4 Rb8 19. Nd2 Bb4 20. f3 Bxd2+
21. Kxd2 Rb2+ 22. Kd1 Be6 23. Kc1 Ra2 24. Rc2 Ra3 25. e4 a5 26. Kb1 a4 27. Bc4
Bxc4 28. Rxc4 Ne8 29. Kb2 Re3 30. Rxa4 Kxc6 31. Ra2 Nd6 32. Ra6+ Kc7 33. Rc1+
Kd7 34. Rd1 Re2+ 35. Kc3 Re3+ 36. Kb4 1-0

[Event "Open Usti n/L 2023"]
[Site "?"]
[Date "2023.09.01"]
[Round "4.11"]
[White "Poliakov, Ivan"]
[Black "Herichova, Agata"]
[Result "1-0"]
[WhiteElo "1309"]
[BlackElo "1000"]
[Annotator "Simon"]
[PlyCount "67"]
[EventDate "2023.??.??"]
[SourceVersionDate "2023.09.01"]

1. d4 d5 2. Nf3 Nc6 3. e3 e6 4. Bd3 Nf6 5. c3 Bd6 6. Nbd2 O-O 7. e4 dxe4 8.
Nxe4 e5 9. dxe5 Nxe5 10. Nxe5 Bxe5 11. O-O Bg4 12. Nxf6+ Qxf6 13. Qxg4 g6 14.
Bg5 Qd6 15. Qh3 Bg7 16. Be2 Rfe8 17. Bf3 c6 18. Be3 b5 19. Rfd1 Qc7 20. Qg3 Qb7
21. Rd6 Be5 22. Bf4 Bxd6 23. Bxd6 Rad8 24. Bc5 a5 25. Qf4 Kg7 26. Bd4+ Kf8 27.
Qf6 Re6 28. Qxd8+ Re8 29. Bc5+ Kg7 30. Qxe8 Qc7 31. Bd4+ Kh6 32. Qe3+ g5 33. h4
Kg6 34. Qxg5# 1-0

[Event "Open Usti n/L 2023"]
[Site "?"]
[Date "2023.09.02"]
[Round "5.1"]
[White "Hrbek, Jachym"]
[Black "Jirasko, Miroslav"]
[Result "1/2-1/2"]
[WhiteElo "1705"]
[BlackElo "2082"]
[PlyCount "83"]
[EventDate "2023.??.??"]
[SourceVersionDate "2023.09.02"]

1. e4 c6 2. c4 e5 3. d4 d6 4. Nf3 Nd7 5. Be2 Ngf6 6. Nc3 g6 7. h3 Bg7 8. Be3
O-O 9. O-O Qe7 10. Qc2 Re8 11. d5 c5 12. Nb5 Rf8 13. b4 b6 14. bxc5 bxc5 15.
Rab1 a6 16. Nc3 Kh8 17. Nd2 Ng8 18. f4 f5 19. Na4 Ngf6 20. exf5 exf4 21. Bxf4
Qxe2 22. Rbe1 Qh5 23. Bxd6 Re8 24. fxg6 hxg6 25. Ne4 Nxe4 26. Rxe4 Rxe4 27.
Qxe4 Nf6 28. Rxf6 Bf5 29. Rxf5 gxf5 30. Qf3 Bd4+ 31. Kh2 Qg6 32. Qg3 Qf6 33.
Nxc5 Rg8 34. Nd7 Rxg3 35. Nxf6 Rg6 36. Ne8 Rxd6 37. Nxd6 Be5+ 38. Kg1 Bxd6 39.
Kf2 Kg7 40. Ke3 Bc5+ 41. Kf4 Kf6 42. g4 1/2-1/2

[Event "Open Usti n/L 2023"]
[Site "?"]
[Date "2023.09.02"]
[Round "5.2"]
[White "Buchcar, Tomas"]
[Black "Pospichal, Michael"]
[Result "1-0"]
[WhiteElo "2167"]
[BlackElo "1896"]
[PlyCount "113"]
[EventDate "2023.??.??"]
[SourceVersionDate "2023.09.02"]

1. d4 d5 2. c4 e6 3. Nc3 Nf6 4. Nf3 Bd6 5. Bg5 Nbd7 6. e3 c6 7. Bd3 dxc4 8.
Bxc4 b5 9. Bd3 Qb6 10. O-O O-O 11. Rc1 a6 12. Ne4 Nxe4 13. Bxe4 Bb7 14. Bf4
Bxf4 15. exf4 Nf6 16. Bb1 b4 17. Rc5 Nd7 18. Qc2 g6 19. Rg5 Qc7 20. Ne5 Nxe5
21. fxe5 Rfd8 22. Qc5 Rd5 23. Qxb4 Rad8 24. Rg4 Rb5 25. Qc3 Qb6 26. Bc2 c5 27.
d5 exd5 28. b3 Qe6 29. h3 d4 30. Qg3 Re8 31. Re1 Bd5 32. f4 f5 33. Rg5 Kh8 34.
Qh4 c4 35. bxc4 Bxc4 36. Ba4 Bxa2 37. Bxb5 axb5 38. Rg3 Bc4 39. Ra3 d3 40. Ra7
Qb6+ 41. Qf2 Qxf2+ 42. Kxf2 Rd8 43. Rd1 Bb3 44. Rd2 Bc2 45. Rb7 Rd4 46. g3 b4
47. Kf3 b3 48. g4 Re4 49. gxf5 gxf5 50. Rg2 h5 51. Rb8+ Kh7 52. Rb7+ Kh8 53.
Kg3 Re3+ 54. Kh4 Re2 55. Rgg7 b2 56. Rh7+ Kg8 57. Rhd7 1-0

[Event "Open Usti n/L 2023"]
[Site "?"]
[Date "2023.09.02"]
[Round "5.3"]
[White "Veverka, Vladimir"]
[Black "Lieber, Lukas"]
[Result "0-1"]
[WhiteElo "1851"]
[BlackElo "1987"]
[PlyCount "56"]
[EventDate "2023.??.??"]
[SourceVersionDate "2023.09.02"]

1. f4 g6 2. Nf3 Bg7 3. e3 d6 4. Be2 Nf6 5. c4 O-O 6. Nc3 Bg4 7. h3 Bxf3 8. Bxf3
c6 9. b3 e5 10. Bb2 exf4 11. exf4 Re8+ 12. Ne2 Ne4 13. Bxe4 Bxb2 14. Rb1 Rxe4
15. Rxb2 Qf6 16. d3 Rxf4 17. Nxf4 Qxb2 18. O-O Qd4+ 19. Kh1 Nd7 20. Qd2 Re8 21.
Qf2 Qxf2 22. Rxf2 Re1+ 23. Kh2 Rd1 24. h4 Ne5 25. Re2 Kf8 26. Re4 Rd2 27. a4 f5
28. Rd4 Nf3+ 0-1

[Event "Open Usti n/L 2023"]
[Site "?"]
[Date "2023.09.02"]
[Round "5.4"]
[White "Mikulka, Martin Michael"]
[Black "Veltrusky, Petr"]
[Result "1-0"]
[WhiteElo "1725"]
[BlackElo "1791"]
[PlyCount "63"]
[EventDate "2023.??.??"]
[SourceVersionDate "2023.09.02"]

1. e4 d6 2. d4 Nf6 3. Nc3 g6 4. Be3 Bg7 5. f3 c6 6. Qd2 h5 7. h4 Qc7 8. Bd3 b5
9. a3 a6 10. O-O-O Nbd7 11. Nh3 a5 12. Ne2 Rb8 13. Nef4 c5 14. dxc5 Nxc5 15.
Bxc5 Qxc5 16. e5 Qxe5 17. Rde1 Qc5 18. Bxg6 Bxh3 19. gxh3 Bh6 20. Kb1 fxg6 21.
Qe2 Rh7 22. Nxg6 Nd5 23. Qe4 Rf7 24. Rhg1 Rc8 25. Rg2 Bg7 26. Qe6 b4 27. Reg1
Bxb2 28. Ne5 Nc3+ 29. Kxb2 Na4+ 30. Kb1 Nc3+ 31. Ka1 Qc4 32. Qd7+ 1-0

[Event "Open Usti n/L 2023"]
[Site "?"]
[Date "2023.09.02"]
[Round "5.5"]
[White "Hadraba, Vladimir"]
[Black "Kriz, Denis"]
[Result "1-0"]
[WhiteElo "2012"]
[BlackElo "1000"]
[PlyCount "59"]
[EventDate "2023.??.??"]
[SourceVersionDate "2023.09.02"]

1. e4 e6 2. d4 d5 3. e5 c5 4. c3 Nc6 5. Nf3 Nge7 6. Na3 Nf5 7. Nc2 Bd7 8. Be2
cxd4 9. cxd4 Be7 10. O-O O-O 11. Bd3 f6 12. g4 fxe5 13. dxe5 Nh4 14. Nxh4 Bxh4
15. f4 Nb4 16. Nxb4 Qb6+ 17. Kg2 Qxb4 18. g5 h6 19. Qh5 Bxg5 20. Qg6 Rf7 21.
Qh7+ Kf8 22. Qh8+ Ke7 23. Qxa8 Bc6 24. Qxa7 Bxf4 25. Qa3 d4+ 26. Kh3 Qxa3 27.
bxa3 g5 28. Bxf4 Rg7 29. Bd2 h5 30. Rg1 1-0

[Event "Open Usti n/L 2023"]
[Site "?"]
[Date "2023.09.02"]
[Round "5.7"]
[White "Kucera, Bohuslav"]
[Black "Bazantova, Marie"]
[Result "0-1"]
[WhiteElo "1703"]
[BlackElo "1779"]
[Annotator "Simon"]
[PlyCount "118"]
[EventDate "2023.??.??"]
[SourceVersionDate "2023.09.02"]

1. c4 c5 2. Nc3 Nc6 3. g3 g6 4. Bg2 Bg7 5. d3 Nf6 6. Rb1 O-O 7. Bg5 h6 8. Be3
d6 9. Qc1 Kh7 10. h4 Ng4 11. Bd2 f5 12. Nh3 Nf6 13. Nd5 e6 14. Nxf6+ Rxf6 15.
Ng5+ Kg8 16. Nf3 Ne5 17. Nxe5 dxe5 18. Bxh6 Bxh6 19. Qxh6 Qf8 20. Qg5 Qg7 21.
h5 gxh5 22. Qxh5 Bd7 23. e3 Be8 24. Qe2 Rd8 25. Rd1 f4 26. exf4 exf4 27. g4 Rg6
28. Rh4 Qf6 29. Rh5 b6 30. Be4 Rg7 31. Rh3 Bg6 32. Bxg6 Qxg6 33. f3 Rgd7 34.
Qe4 Qf6 35. Rd2 Rg7 36. Rdh2 Kf7 37. Rh7 Rdg8 38. R2h6 Rxh7 39. Rxh7+ Rg7 40.
Rxg7+ Kxg7 41. Qb7+ Kg6 42. Qe4+ Kg7 43. Qe2 Kg6 44. Kd1 Kf7 45. Kc2 a5 46. Qh2
Kg7 47. Qh5 Kf8 48. g5 Qg7 49. Qg4 Qe5 50. Qg2 Kg7 51. a3 Kg6 52. Kb3 Qxg5 53.
Qxg5+ Kxg5 54. Kc3 Kh4 55. Kd2 Kg3 56. Ke2 a4 57. d4 cxd4 58. Kd3 Kxf3 59. Kxd4
Ke2 0-1

[Event "Open Usti n/L 2023"]
[Site "?"]
[Date "2023.09.02"]
[Round "5.8"]
[White "Peroutka, Simon"]
[Black "Zikranets, Bohdan"]
[Result "1-0"]
[WhiteElo "1753"]
[BlackElo "1000"]
[PlyCount "111"]
[EventDate "2023.??.??"]
[SourceVersionDate "2023.09.02"]

1. e4 e5 2. Nc3 Bc5 3. Bc4 d6 4. Nf3 Nc6 5. Na4 Bb6 6. Nxb6 axb6 7. c3 Nf6 8.
Qe2 Bg4 9. d3 O-O 10. Bg5 h6 11. Bh4 Na5 12. Bb5 c6 13. Ba4 Nc4 14. Bb3 Bxf3
15. gxf3 Na5 16. Bc2 g5 17. Rg1 c5 18. Kd2 Kh7 19. Bg3 Rg8 20. h4 Nh5 21. Rh1
Qf6 22. Rag1 Rg6 23. hxg5 Qxg5+ 24. Qe3 Qxe3+ 25. Kxe3 Nf6 26. Rg2 Rd8 27. Rgh2
Ng8 28. f4 f6 29. f5 Rg7 30. Bd1 Nc6 31. Rh3 Nce7 32. Bb3 Kh8 33. Be6 Rh7 34.
Rh5 Kg7 35. Rb1 Kf8 36. b4 Rb8 37. bxc5 bxc5 38. Rb6 Nc8 39. Bxc8 Rxc8 40. Rxd6
c4 41. d4 exd4+ 42. Kxd4 b5 43. a3 Ra7 44. Rb6 Rd8+ 45. Kc5 Rxa3 46. Rh3 Rd3
47. Bd6+ Kf7 48. Rb7+ Ke8 49. Rb8+ Kd7 50. Rxd3 cxd3 51. Bf4 Rxc3+ 52. Kd4 Rc2
53. Rxg8 d2 54. Rg1 d1=Q+ 55. Rxd1 Rxf2 56. Ke3+ 1-0

[Event "Open Usti n/L 2023"]
[Site "?"]
[Date "2023.09.02"]
[Round "5.9"]
[White "Poliakov, Ivan"]
[Black "Hellinger, Jan"]
[Result "0-1"]
[WhiteElo "1309"]
[BlackElo "1576"]
[PlyCount "126"]
[EventDate "2023.??.??"]
[SourceVersionDate "2023.09.02"]

1. d4 d5 2. Nf3 Nf6 3. e3 Bg4 4. Nbd2 c5 5. Be2 Nc6 6. c4 e6 7. O-O Rc8 8. b3
cxd4 9. cxd5 Nxd5 10. exd4 Nc3 11. Qe1 Nb4 12. Nc4 Ncd5 13. Qd2 Be7 14. Bb2
Bxf3 15. Bxf3 Bg5 16. Qe2 O-O 17. Bxd5 Nxd5 18. Qe5 Bf4 19. Qe2 Qc7 20. h3 b5
21. Na3 a6 22. Bc1 Qd6 23. Nc2 Rc3 24. Ba3 b4 25. Bb2 Rc7 26. a3 Rfc8 27. Nxb4
Nxb4 28. axb4 Rc2 29. Qxa6 Qxa6 30. Rxa6 Rxb2 31. b5 Rxb3 32. b6 Rb8 33. g3 Bd6
34. Rd1 R3xb6 35. Rxb6 Rxb6 36. d5 e5 37. Kg2 h5 38. h4 Rb2 39. Rd3 e4 40. Re3
f5 41. Re1 Rd2 42. Re3 Bc5 43. Rb3 Rxf2+ 44. Kh3 e3 45. Rb8+ Kh7 46. d6 Bxd6
47. Re8 e2 48. Re6 Bb4 49. g4 hxg4+ 50. Kg3 Rf3+ 51. Kg2 e1=Q 52. Rxe1 Bxe1 53.
h5 Kh6 54. Kh1 Kxh5 55. Kh2 Kh4 56. Kh1 Ra3 57. Kh2 f4 58. Kg2 f3+ 59. Kh1 f2
60. Kh2 f1=R 61. Kg2 Rff3 62. Kh2 Bg3+ 63. Kg1 Ra1+ 0-1

[Event "Open Usti n/L 2023"]
[Site "?"]
[Date "2023.09.02"]
[Round "5.10"]
[White "Litos, Ondrej"]
[Black "Krsek, Tomas"]
[Result "0-1"]
[WhiteElo "1000"]
[BlackElo "1000"]
[PlyCount "90"]
[EventDate "2023.??.??"]
[SourceVersionDate "2023.09.02"]

1. d4 e5 2. Nf3 exd4 3. Nxd4 d5 4. c4 c5 5. Nc2 dxc4 6. Nc3 Qxd1+ 7. Kxd1 Bf5
8. Na3 Nf6 9. e3 Nc6 10. Bxc4 Bd6 11. Ke2 O-O 12. Rd1 Bc7 13. Nab5 Rac8 14. Kf1
a6 15. Nd6 Bxd6 16. Rxd6 b5 17. Bd5 Nb4 18. Bb7 Rb8 19. Bxa6 Nxa6 20. Rxa6 b4
21. Ne2 Rbd8 22. f3 Rd7 23. Ng3 Bd3+ 24. Kf2 Bxa6 25. e4 Rfd8 26. Bf4 Rd1 27.
Rxd1 Rxd1 28. h3 Ra1 29. Bd6 Rxa2 30. Nf5 Rxb2+ 31. Kg3 c4 32. Ne7+ Kh8 33. Nc6
b3 34. Be5 Rb1 35. Nb4 Bb5 36. Kf2 b2 37. Ke2 Re1+ 38. Kxe1 b1=Q+ 39. Kf2 Qxb4
40. g4 Qc5+ 41. Bd4 Qxd4+ 42. Kg2 c3 43. g5 Nh5 44. h4 Qd2+ 45. Kh3 Bd7# 0-1

[Event "Open Usti n/L 2023"]
[Site "?"]
[Date "2023.09.02"]
[Round "5.6"]
[White "Mrkvan, Frantisek"]
[Black "Urbansky, Stepan"]
[Result "0-1"]
[WhiteElo "1815"]
[BlackElo "1631"]
[PlyCount "78"]
[EventDate "2023.??.??"]
[SourceVersionDate "2023.09.02"]

1. e4 c5 2. Nf3 d6 3. d4 cxd4 4. Nxd4 Nf6 5. Nc3 a6 6. Be2 e5 7. Nb3 Be7 8. O-O
Be6 9. Be3 d5 10. exd5 Nxd5 11. Nxd5 Bxd5 12. Bf3 Bxf3 13. Qxf3 Qc7 14. Qg3 O-O
15. Bd4 Bd6 16. Bc3 Nc6 17. a3 Nd4 18. Qd3 Nxb3 19. cxb3 e4 20. Qxe4 Bxh2+ 21.
Kh1 Rfe8 22. Qg4 Be5 23. Qf3 Re6 24. g3 Rae8 25. Rac1 Qe7 26. Kg2 Qg5 27. Bxe5
Qxe5 28. Qxb7 Qxb2 29. a4 h5 30. Qb4 Re4 31. Rc4 Qe2 32. Rxe4 Rxe4 33. Qb8+ Re8
34. Qf4 Re4 35. Qb8+ Kh7 36. Rh1 Re5 37. Qb6 Qe4+ 38. Kg1 Qf3 39. Qb4 Rd5 0-1